00695 2200265 4500001002100000005001700021008004100038020001800079035002400097082001100121090001800132100002000150245005200170250001100222260003200233300003000265500002900295500001100324650003200335850001400367980001200381985000600393999001500399999001500414YOGYA-0209000001720420090227022730.0 ind  a979-519-033-4 0010-020900000017204 a618.92 a618.92bWah K aWAHAB, A. Samik aKuliah dasar-dasar EKG anakcoleh A.Samik Wahab aCet. 1 aJakartabWidya Medikac1994 avii, 127 hlmbilusc24 cm aBibliografi : hlm. [121] aIndeks aJantung - Penyakit diagnosa aYOPDYOG B a19-1-06 a2 a95P0069871 a95P0069872